Guide to communications and networking made easy : (Record no. 4359)

MARC details
000 -LEADER
fixed length control field 00737 a2200205 4500
010 ## - LCCN (DPL NO)
LC control number ENG-86276
020 ## - INTERNATIONAL STANDARD BOOK NUMBER
International Standard Book Number 8183331785
Terms of availability 135.00
035 ## - SYSTEM CONTROL NUMBER
System control number EN-69809
037 ## - SOURCE OF ACQUISITION
Source of stock number/acquisition DBAD / PUB
082 14 - DEWEY DECIMAL CLASSIFICATION NUMBER
Classification number 004.6
100 1# - MAIN ENTRY--PERSONAL NAME
Personal name Jain, Satish
245 1# - TITLE STATEMENT
Title Guide to communications and networking made easy :
Statement of responsibility, etc by Satish Jain [and] Vineeta Pillai
Remainder of title the complex text book for B.E., MCA and other IT related examinations /
260 ## - PUBLICATION, DISTRIBUTION, ETC. (IMPRINT)
Place of publication, distribution, etc New Delhi
Name of publisher, distributor, etc BPB Publications
Date of publication, distribution, etc 2006
270 ## - ADDRESS
Address B-14, Connaught Place
City New Delhi
Postal code 110 001
Telephone number 011-23325760, 011-23723393
300 ## - PHYSICAL DESCRIPTION
Extent 210 p.
Dimensions 21 cm (Pbk.)
650 ## - SUBJECT ADDED ENTRY--TOPICAL TERM
Topical term or geographic name as entry element Computer networking
650 ## - SUBJECT ADDED ENTRY--TOPICAL TERM
Topical term or geographic name as entry element Wireless communications
700 ## - ADDED ENTRY--PERSONAL NAME
Personal name Pillai, Vineeta
942 ## - ADDED ENTRY ELEMENTS (KOHA)
Institution code [OBSOLETE] dpl
Item type English Books
Source of classification or shelving scheme Dewey Decimal Classification
Classification part 004.6
Call number suffix JAI
Holdings
Withdrawn status Lost status Not for loan Collection code Home library Current library Source of acquisition Cost, normal purchase price Full call number Barcode Copy number Cost, replacement price Koha item type
    Not For Loan Non-fiction D.B.Act.Division D.B.Act.Division DBAD/PUB 135.00 004.6 JAI EN-69809 1 135.00 English Books

© Delhi Public Library
Hit Counter
free hit counter